000 00498nam a2200193Ia 4500
003 0100
008 130303s9999 xx 000 0 und d
040 _cARRUPELIB
050 _aHC501.Z4 1993
100 _aZeleza, Paul Tiyambe
245 2 _aA Modern Economic History of Africa
245 _bThe Nineteenth Century
250 _avolume 1
260 _aDakar, Senegal
260 _bCouncil for the Development of Social Research in Africa
260 _C1993
300 _a501p
942 0 0 _01
999 _c19125
_d19125